| 000 | 008720am a2200277 004500 | ||
|---|---|---|---|
| 003 | EG-GiCUC | ||
| 008 | 710217s1971 maub b 000 0 eng | ||
| 040 |
_aDLC _c DLC _d DLC |
||
| 043 | _an-us--- | ||
| 050 | 0 | 0 |
_aHD9565 _b.O34 |
| 092 | 0 | 4 |
_a338.2728209 _b0188 _221 |
| 099 |
_a04 _a338.2728209 0188 |
||
| 100 | 1 |
_aO'Connor, Richard, _d1915-1975. |
|
| 245 | 1 | 4 |
_aThe oil barons; _bmen of greed and grandeur. |
| 250 | _a[1st ed.] | ||
| 260 |
_aBoston, _bLittle, Brown _c[1971] |
||
| 300 |
_ax, 502 p. _bmap (on lining papers) _c25 cm. |
||
| 504 | _aIncludes bibliographical references. | ||
| 650 | 0 |
_aPetroleum industry and trade _xHistory. |
|
| 650 | 0 |
_aPetroleum industry and trade _zUnited States _xHistory. |
|
| 902 | _a1 | ||
| 905 |
_aAYA ASAD _eCAT |
||
| 905 |
_aIbrahim _eRev |
||
| 942 |
_2ddc _cBK |
||
| 999 |
_c108207 _d108207 |
||